South Africa fights, (Record no. 552884)
[ view plain ]
| 000 -LEADER | |
|---|---|
| fixed length control field | 00457cam a2200145u 4500 |
| 082 ## - DEWEY DECIMAL CLASSIFICATION NUMBER | |
| Classification number | 968.048 |
| Author Mark | SIM |
| 100 1# - MAIN ENTRY--PERSONAL NAME | |
| Personal name | Simpson, James Stewart McConachie, |
| 9 (RLIN) | 50154 |
| 245 10 - TITLE STATEMENT | |
| Title | South Africa fights, |
| 260 ## - PUBLICATION, DISTRIBUTION, ETC. | |
| Place of publication, distribution, etc. | London, |
| Name of publisher, distributor, etc. | Hodder & Stoughton limited |
| Date of publication, distribution, etc. | [1941] |
| 300 ## - PHYSICAL DESCRIPTION | |
| Extent | xv, 256 p. |
| Other physical details | front., plates, ports. |
| Dimensions | 19 cm. |
| 526 ## - STUDY PROGRAM INFORMATION NOTE | |
| Program name | 0 |
| Interest level | 0 |
| Reading level | 0 |
| Title point value | 968_048000000000000_SIM |
| 650 #0 - SUBJECT ADDED ENTRY--TOPICAL TERM | |
| Topical term or geographic name entry element | MCE |
| 9 (RLIN) | 379 |
| 650 #0 - SUBJECT ADDED ENTRY--TOPICAL TERM | |
| Topical term or geographic name entry element | World War, 1939-1945 |
| Geographic subdivision | South Africa. |
| 9 (RLIN) | 50155 |
| 942 ## - ADDED ENTRY ELEMENTS (KOHA) | |
| Source of classification or shelving scheme | |
| Koha item type | Book |
| Withdrawn status | Lost status | Source of classification or shelving scheme | Damaged status | Not for loan | Permanent Location | Current Location | Shelving location | Date acquired | Total Checkouts | Full call number | Barcode | Date last seen | Price effective from | Koha item type |
|---|---|---|---|---|---|---|---|---|---|---|---|---|---|---|
| Military College of Engineering (MCE) | Military College of Engineering (MCE) | 01/27/2015 | 968.048 SIM | MCE-ECS/70 | 01/27/2015 | 01/27/2015 | Book |
